| 000 | 00539cam a2200145 4500500 | ||
|---|---|---|---|
| 005 | 20260111093408.0 | ||
| 041 | _afre | ||
| 042 | _adc | ||
| 100 | 1 | 0 |
_aMiossec, Alain _eauthor |
| 245 | 0 | 0 | _aBerlin, aquarelles, Aquarelles Fabrice Moriceau, texte Boris von Brauchitsch, éditions du Pacifique, 96 pages 2015, 30€ |
| 260 | _c2016. | ||
| 500 | _a43 | ||
| 786 | 0 | _nLa Géographie | 1560 | 1 | 2016-01-01 | p. 53e-56e | 1964-9002 | |
| 856 | 4 | 1 | _uhttps://shs.cairn.info/revue-la-geographie-2016-1-page-53e?lang=fr&redirect-ssocas=7080 |
| 999 |
_c1626254 _d1626254 |
||